000 00520nam a2200181Ia 4500
008 090124s9999 xx 000 0 und d
082 _b28820
100 _aरजनीश ओशो
245 _a अमृत-पत्रे
250 _a0
260 _bजीवन जागृती केंद्र
300 _a162
600 _aरजनीश ओशो
630 _a अमृत-पत्रे
700 _aरजनीश ओशो
730 _a अमृत-पत्रे
942 _cBOOK
999 _c94572
_d94572